Tìm hiểu tình hình ô nhiễm môi trường không khí tại thành phố Đà Nẵng. Nguyên nhân và một số biện pháp hạn chế mức độ ô nhiễm
Cơ sở lý luận chung. Tình hình ô nhiễm môi trường không khí tại thành phố Đà Nẵng. Các nguyên nhân cơ bản gây ô nhiễm môi trường không khí tại thành phố Đà Nẵng. Một số giải pháp hạn chế mức độ ô nhiễm
Spremljeno u:
| Glavni autor: | |
|---|---|
| Daljnji autori: | |
| Format: | Knjiga |
| Jezik: | Vietnamese |
| Izdano: |
Đại học Đà Nẵng
ĐH Sư phạm
2009
|
| Teme: | |
| Oznake: |
Dodaj oznaku
Bez oznaka, Budi prvi tko označuje ovaj zapis!
|
| Thư viện lưu trữ: | Mạng thư viện Đại học Đà Nẵng |
|---|
| LEADER | 01652nam a2200361 4500 | ||
|---|---|---|---|
| 001 | 000010866 | ||
| 003 | 7088 | ||
| 005 | 20111223091249.0 | ||
| 008 | 111222s2009 viesd | ||
| 041 | |a vie | ||
| 072 | |a Khóa luận tốt nghiệp | ||
| 082 | |a 363.7392 |b HO-P | ||
| 100 | |a Hồ Thị Mỹ Phương | ||
| 245 | |a Tìm hiểu tình hình ô nhiễm môi trường không khí tại thành phố Đà Nẵng. Nguyên nhân và một số biện pháp hạn chế mức độ ô nhiễm |c Hồ Thị Mỹ Phương | ||
| 260 | |a Đại học Đà Nẵng |b ĐH Sư phạm |c 2009 | ||
| 300 | |a 55 tr. |c 29 cm | ||
| 500 | |a Khóa luận tốt nghiệp Khoa Địa lý.Ngành Cử nhân Địa lý | ||
| 520 | |a Cơ sở lý luận chung. Tình hình ô nhiễm môi trường không khí tại thành phố Đà Nẵng. Các nguyên nhân cơ bản gây ô nhiễm môi trường không khí tại thành phố Đà Nẵng. Một số giải pháp hạn chế mức độ ô nhiễm | ||
| 653 | |a Ô nhiễm môi trường | ||
| 653 | |a Không khí | ||
| 653 | |a Đà Nẵng | ||
| 653 | |a Giải pháp | ||
| 700 | |a Nguyễn Thị Mây |c Th.S |e Hướng dân | ||
| OWN | |a LSP | ||
| AVA | |a UDN50 |b LSP |d 363.7392 HO-P |e available |t Error 5001 Not defined in file expand_doc_bib_avail. |f 1 |g 0 |h N |i 0 |k 1 | ||
| 999 | |a From the UDN01 | ||
| AVA | |a UDN50 |b LSP |d 363.7392 HO-P |e available |t Error 5001 Not defined in file expand_doc_bib_avail. |f 1 |g 0 |h N |i 0 |k 1 | ||
| TYP | |a Monograph | ||
| TYP | |a Printed language | ||
| 980 | |a Mạng thư viện Đại học Đà Nẵng | ||